000 01306nam a2200361 i 4500
001 bg
003 KOSZ 005
005 20191219142341.0
008 990906s1999 pl a f f |000 0 pol
015 _aPB 1999/13061
020 _a8320423457
020 _a8320423430
035 _a(OCoLC)749592718
040 _aWA N
_cKOSZ 005/HR
_dKOSZ 005/HR
041 0 _apol
080 _a621.01
080 _a(075.8)
245 0 0 _aPodstawy konstrukcji maszyn.
_nT. 2 /
_cpod red. Marka Dietricha ; aut. Marek Bijak-Żochowski [et al.].
250 _aWyd. 3 zm.
260 _aWarszawa :
_bWydawnictwa Naukowo-Techniczne,
_c1999.
300 _a603, [1] s. :
_brys., wykr. ;
_c25 cm.
380 _aKsiążki.
504 _aBibliogr. przy rozdz.
521 8 _aDla studentów wydz. mechanicznych wyższych szkół technicznych oraz dla inżynierów mechaników.
650 4 _aMaszyny
_xbudowa i konstrukcje.
658 _aInżynieria i technika
655 4 _aPodręczniki akademickie
710 2 _aWydawnictwa Naukowo-Techniczne
_4pbl.
700 1 _aDietrich, Marek
_d(1934-2009)
_eRedakcja
700 1 _aBijak-Żochowski, Marek
_eAutor
856 _uhttp://koha.tu.koszalin.pl/cgi-bin/koha/opac-detail.pl?biblionumber=54094
_yKatalog online BPK
942 _2UKD
_cKS
999 _c54094
_d54094